00393nam a2200133 i 450000100060000000300090000600700030001500800410001810000200005924500690007926000490014830000410019785200210023849667ES-MaACLt|030721s1919 xxk ||||1| eng d1 aCotterill, H.B.10aStaly from Dante to Tarso b: (1300-1600) / cby H.B. Cotterill. aLondon : bGeorge G. Harrap & Comp., c1919. aXXVIII, 617 p., 32 lám. ; c22 cm. aES-MaACLjG-6220